| 000 | 00892nam a22002177a 4500 | ||
|---|---|---|---|
| 999 |
_c7887 _d7887 |
||
| 003 | AR-CdUCM | ||
| 008 | 190321b ||||| |||| 00| 0 spa d | ||
| 020 | _a84-505-7233-9 | ||
| 040 |
_aMUNICIPALIDAD PROVINCIAL DEL CUSCO _cBIBLIOTECA MUNICIPAL DEL CUSCO |
||
| 082 |
_a082 / _bTAL23 |
||
| 110 |
_aEl centro de estudios municipales y de cooperación interprovincial _922300 |
||
| 245 | _aCalidad y tratamiento de las aguas de abastecimiento urbano / | ||
| 260 |
_aGranada : _bArte, _c1988. |
||
| 300 |
_a226 páginas ; _c21 cm. |
||
| 505 | _aContenido : Técnicas de tratamiento. Arturo Gomez Martinez -- Plantas depuradoras de aguas potables. Fernando Reyero Suarez -- Medidas control de regulación y automatismo en las plantas de tratamiento de aguas ... | ||
| 650 |
_aAgua _919441 |
||
| 650 |
_aTratamiento _920821 |
||
| 650 |
_aCalidad _922301 |
||
| 942 |
_2ddc _cLIBROS |
||
| 945 | _arah | ||